000 00219 a2200097 4500
001 44572
100 _aRapsan
245 _aExperimental Electrical Engineer
260 _aLondon
_bPitman & Son
_c
090 _c28299
_d28299
942 _aNUST-CAE
_cM
_c20334
999 _c279645
_d279645